[Event "Int. Stuttgarter Stadtmeisterschaft C"]
[Site "Ditzingen"]
[Date "2013.05.10"]
[Round "3.13"]
[White "Fischer, Robert"]
[Black "Günay, Nuri"]
[Result "0-1"]
[WhiteElo "1013"]
[BlackElo "1253"]
[PlyCount "36"]
[EventDate "2013.??.??"]
[WhiteTeam "TSG Steinheim"]
[BlackTeam "SC Gross-Sachsenheim"]

1. e4 e6 2. Nf3 d5 3. exd5 exd5 4. Qe2+ Be7 5. d4 Nc6 6. c3 Bg4 7. Nbd2 Qd7 8.
h3 Bh5 9. g4 Bg6 10. Ne5 Nxe5 11. Qxe5 O-O-O 12. Bg2 Bf6 13. Qf4 Re8+ 14. Kd1
Qb5 15. Qf3 Ne7 16. Re1 Nc6 17. Rxe8+ Rxe8 18. Qxd5 Qe2# 0-1

[Event "Int. Stuttgarter Stadtmeisterschaft C"]
[Site "Ditzingen"]
[Date "2013.05.10"]
[Round "3.14"]
[White "Albert, Rafael Edwin"]
[Black "Ustaosman, Hasan"]
[Result "1-0"]
[WhiteElo "1182"]
[BlackElo "976"]
[PlyCount "87"]
[EventDate "2013.??.??"]
[WhiteTeam "SF 59 Kornwestheim"]
[BlackTeam "TSG Steinheim"]

1. e4 e5 2. Nc3 Nf6 3. f4 d6 4. Nf3 Nc6 5. Bc4 Be6 6. Bxe6 fxe6 7. fxe5 dxe5 8.
d3 Bc5 9. Na4 Be7 10. Be3 O-O 11. Qd2 Nd4 12. Nxe5 c5 13. Nf3 Nxf3+ 14. gxf3
Nd7 15. Qg2 Ne5 16. Rf1 Qa5+ 17. Nc3 Bf6 18. O-O-O Nc6 19. Bd2 Nb4 20. a3 Nc6
21. Nd5 Qd8 22. Nxf6+ Rxf6 23. Qf2 Nd4 24. Bg5 Qd6 25. Bxf6 Qf4+ 26. Kb1 Qxf6
27. c3 Nb3 28. Ka2 Na5 29. Qxc5 b6 30. Qd4 Qf7 31. f4 Nb7 32. Ka1 Rd8 33. Qc4
Na5 34. Qa2 Qh5 35. Qxe6+ Kh8 36. Qe7 Nb3+ 37. Ka2 Re8 38. Qxa7 Nc5 39. Qxb6
Qf7+ 40. c4 Nxd3 41. Rxd3 Qxc4+ 42. Qb3 Qxe4 43. Rff3 h6 44. Rfe3 1-0

[Event "Int. Stuttgarter Stadtmeisterschaft C"]
[Site "Ditzingen"]
[Date "2013.05.10"]
[Round "3.16"]
[White "Finkbeiner, Alina"]
[Black "Castiglione, David"]
[Result "1/2-1/2"]
[WhiteElo "981"]
[BlackElo "1116"]
[PlyCount "62"]
[EventDate "2013.??.??"]
[WhiteTeam "SV Stuttgart-Wolfbusch 1956 e.V."]
[BlackTeam "SC Ingersheim e.V."]

1. e4 e5 2. Nf3 Nc6 3. Bc4 Bc5 4. d3 d6 5. Nc3 Nge7 6. Be3 Bxe3 7. fxe3 f5 8.
exf5 Nxf5 9. Qd2 Bd7 10. e4 Nfd4 11. Ng5 Nxc2+ 12. Qxc2 Qxg5 13. O-O Qe3+ 14.
Qf2 Qxf2+ 15. Rxf2 O-O-O 16. Raf1 Na5 17. Bd5 c6 18. Bf7 Be8 19. Bxe8 Rhxe8 20.
b4 d5 21. bxa5 dxe4 22. dxe4 Rd3 23. Rf3 Rd2 24. R1f2 Red8 25. Rxd2 Rxd2 26.
Rf8+ Kd7 27. Rf7+ Kd6 28. Rxb7 Rc2 29. Rb3 Kc5 30. Na4+ Kc4 31. Nb2+ Kd4
1/2-1/2

[Event "Int. Stuttgarter Stadtmeisterschaft C"]
[Site "Ditzingen"]
[Date "2013.05.10"]
[Round "3.20"]
[White "Zacke, Tamara"]
[Black "Reichardt, Felix  Alexander"]
[Result "1-0"]
[WhiteElo "1118"]
[BlackElo "690"]
[PlyCount "61"]
[EventDate "2013.??.??"]
[WhiteTeam "SV Stuttgart-Wolfbusch 1956 e.V."]
[BlackTeam "SF Markgräflerland e."]

1. e4 e6 2. d4 d5 3. Nc3 Bb4 4. Bd2 c5 5. exd5 exd5 6. Bb5+ Bd7 7. Qe2+ Ne7 8.
dxc5 Bxc5 9. Nf3 a6 10. Bxd7+ Qxd7 11. O-O O-O 12. Qd3 Nbc6 13. Rae1 Nb4 14.
Qe2 Nxc2 15. Rc1 Nb4 16. Nb1 Nxa2 17. Rxc5 b6 18. Rc2 Rfe8 19. Qd3 Nc6 20. Ng5
g6 21. Qf3 f5 22. Qb3 Re5 23. Qxa2 Rae8 24. Qa3 Re2 25. Qd3 R8e5 26. Nc3 Qe8
27. Nxe2 Rxe2 28. Qxd5+ Kg7 29. Bc3+ Nd4 30. Qxd4+ Kh6 31. Qh4# 1-0

[Event "Int. Stuttgarter Stadtmeisterschaft C"]
[Site "Ditzingen"]
[Date "2013.05.10"]
[Round "3.22"]
[White "Pillin, Josef"]
[Black "Mirosenski, Roman"]
[Result "0-1"]
[WhiteElo "828"]
[BlackElo "896"]
[PlyCount "78"]
[EventDate "2013.??.??"]
[WhiteTeam "SSV Zuffenhausen"]
[BlackTeam "SF Deizisau"]

1. e4 c5 2. Nc3 d6 3. d3 e6 4. g3 Nf6 5. Bg2 Nc6 6. Nge2 Be7 7. O-O O-O 8. d4
b6 9. d5 exd5 10. exd5 Ne5 11. Bg5 Bb7 12. Nf4 h6 13. Bxf6 Bxf6 14. Re1 Re8 15.
Re2 Bg5 16. Nd3 Nxd3 17. Rxe8+ Qxe8 18. Qxd3 Qe5 19. Rd1 a5 20. a4 Ba6 21. Nb5
Qxb2 22. Re1 c4 23. Qe2 Bxb5 24. axb5 Qxb5 25. Rd1 Re8 26. Qf1 a4 27. Rb1 Qa5
28. Bh3 a3 29. Ra1 Qc3 30. Ra2 Re1 31. Rxa3 Rxf1+ 32. Bxf1 Qxa3 33. Bxc4 Qc1+
34. Kg2 Qxc2 35. Bf1 Be3 36. Kh3 Qxf2 37. Bc4 g5 38. Be2 Qxe2 39. g4 Qf3# 0-1

[Event "Int. Stuttgarter Stadtmeisterschaft C"]
[Site "Ditzingen"]
[Date "2013.05.10"]
[Round "3.23"]
[White "Stockburger, Marius"]
[Black "Grimm, Ferdinand"]
[Result "0-1"]
[WhiteElo "787"]
[BlackElo "842"]
[PlyCount "58"]
[EventDate "2013.??.??"]
[WhiteTeam "SF Freiberg"]
[BlackTeam "SC Gross-Sachsenheim"]

1. e4 d5 2. f3 Nf6 3. e5 Ng8 4. d4 Bf5 5. Bd3 Bxd3 6. Qxd3 Nc6 7. Nc3 e6 8.
Nge2 Bb4 9. a3 Ba5 10. b4 Bb6 11. O-O Nge7 12. Bg5 Qd7 13. Nb5 a6 14. Nbc3 Nf5
15. Be3 O-O 16. b5 axb5 17. Nxb5 Ra6 18. c4 dxc4 19. Qxc4 Nxe3 20. Qb3 Nxf1 21.
Rxf1 Nxd4 22. Nexd4 Bxd4+ 23. Kh1 Rb6 24. a4 Ra8 25. Ra1 Rxb5 26. Qc2 Rc5 27.
Qb1 Bxa1 28. Qxa1 Qxa4 29. Qg1 Qa1 0-1

[Event "Int. Stuttgarter Stadtmeisterschaft C"]
[Site "Ditzingen"]
[Date "2013.05.10"]
[Round "4.1"]
[White "Jüttner, Mark"]
[Black "Thomas, Leonhard"]
[Result "1/2-1/2"]
[WhiteElo "1376"]
[BlackElo "1445"]
[PlyCount "120"]
[EventDate "2013.??.??"]
[WhiteTeam "SpVgg Rommelshausen"]
[BlackTeam "SV Fellbach"]

1. f4 Nf6 2. Nf3 d6 3. e3 Nc6 4. Bb5 Bd7 5. b3 a6 6. Bxc6 Bxc6 7. Bb2 Qd7 8. h3
g6 9. O-O Bg7 10. d3 O-O 11. Nbd2 Nd5 12. Bxg7 Kxg7 13. Qe1 Qe6 14. e4 Nxf4 15.
Qh4 Nh5 16. Nd4 Qe5 17. N2f3 Qf6 18. Qg4 Qf4 19. Nf5+ Kh8 20. Nxe7 Qxg4 21.
hxg4 Nf6 22. g5 Nd7 23. Kf2 Rae8 24. Nxc6 bxc6 25. Rh1 Ne5 26. Nxe5 Rxe5 27. g4
Rxg5 28. Kf3 Kg7 29. Raf1 Re5 30. d4 Re7 31. Rh2 Rfe8 32. Re1 Rd7 33. Reh1 Rh8
34. Rd1 Rdd8 35. Ke3 Rb8 36. a4 a5 37. Rf1 Rbe8 38. Rhf2 Re7 39. Rh2 Rhe8 40.
Rfh1 Rh8 41. Kd3 Re6 42. g5 Ree8 43. Rf1 Ref8 44. Rf6 h6 45. Rf3 hxg5 46. Rg2
Rh5 47. Re3 f6 48. c3 Rfh8 49. Kc4 Rh4 50. Rge2 Rh2 51. Re1 Rb8 52. Rf3 Rf8 53.
b4 axb4 54. cxb4 Rb8 55. Ref1 Rb2 56. b5 cxb5+ 57. axb5 R8xb5 58. Rxf6 R2b4+
59. Kc3 Rb3+ 60. Kc4 R3b4+ 1/2-1/2

[Event "Int. Stuttgarter Stadtmeisterschaft C"]
[Site "Ditzingen"]
[Date "2013.05.10"]
[Round "4.2"]
[White "Schwarz, Manuel"]
[Black "Leykauf, Thomas"]
[Result "1-0"]
[WhiteElo "1200"]
[BlackElo "1380"]
[PlyCount "55"]
[EventDate "2013.??.??"]
[WhiteTeam "SVG Vaihingen/Enz"]
[BlackTeam "SF HN-Biberach 1978 e.V."]

1. g3 d5 2. c4 dxc4 3. Qa4+ Nc6 4. Bg2 Bd7 5. Qxc4 Nf6 6. Nf3 g6 7. O-O Bg7 8.
d4 Qc8 9. Re1 Bh3 10. Bh1 O-O 11. Nc3 Re8 12. Ng5 Nd8 13. e4 h6 14. Nf3 Bg4 15.
Ne5 Nh7 16. Nxg4 Qxg4 17. e5 c6 18. f4 Nf8 19. Rf1 Nde6 20. Bf3 Qf5 21. g4 Qc2
22. Rf2 b5 23. Qf1 Qxf2+ 24. Qxf2 Rad8 25. Bxc6 Nd7 26. Nxb5 Rf8 27. Be3 f5 28.
Bd5 1-0

[Event "Int. Stuttgarter Stadtmeisterschaft C"]
[Site "Ditzingen"]
[Date "2013.05.10"]
[Round "4.3"]
[White "Walliser, Pascal"]
[Black "Erben, Katrin"]
[Result "1/2-1/2"]
[WhiteElo "1157"]
[BlackElo "1272"]
[PlyCount "55"]
[EventDate "2013.??.??"]
[WhiteTeam "SK Sontheim/Brenz e.V."]
[BlackTeam "SV Stuttgart-Wolfbusch 1956 e.V."]

1. e4 e5 2. Nf3 Nc6 3. Bc4 Bc5 4. Nc3 d6 5. d3 Bg4 6. h3 Bh5 7. Be3 Bb6 8. g4
Bg6 9. Qd2 Ba5 10. O-O-O Nf6 11. h4 h6 12. h5 Bh7 13. g5 Ng4 14. gxh6 gxh6 15.
Bxh6 Qf6 16. Bg5 Qxf3 17. Rh4 Nd4 18. a3 Bxc3 19. bxc3 f6 20. cxd4 fxg5 21.
Qxg5 Nxf2 22. Rd2 Rf8 23. Rh2 Qg4 24. Qh6 Qg1+ 25. Kb2 Qxh2 26. Bb5+ c6 27.
Qe6+ Kd8 28. Qxd6+ 1/2-1/2

[Event "Int. Stuttgarter Stadtmeisterschaft C"]
[Site "Ditzingen"]
[Date "2013.05.10"]
[Round "4.4"]
[White "Winterkorn, Nikolaus"]
[Black "Fais, Sami"]
[Result "0-1"]
[WhiteElo "1456"]
[BlackElo "1413"]
[PlyCount "110"]
[EventDate "2013.??.??"]
[WhiteTeam "DJK Sportbund Stuttgart e.V."]
[BlackTeam "VfL Sindelfingen"]

1. Nf3 Nf6 2. d4 d5 3. Bf4 e6 4. Nbd2 c5 5. e3 Nc6 6. Bb5 Qb6 7. Bxc6+ bxc6 8.
Rb1 Ba6 9. h3 cxd4 10. exd4 c5 11. Be5 Nd7 12. c3 Nxe5 13. Nxe5 cxd4 14. c4
dxc4 15. Ndxc4 Bxc4 16. Nxc4 Bb4+ 17. Kf1 Qa6 18. Qb3 Bc5 19. h4 O-O 20. a3
Rab8 21. Qc2 Rfc8 22. Qe2 Be7 23. Rc1 Rb7 24. Rh3 Rbc7 25. b3 Qxa3 26. Rb1 Qb4
27. Qd3 Qb5 28. g4 a5 29. Ra1 Bb4 30. Kg1 Bc3 31. Rb1 Qd5 32. Nb6 Qe5 33. Nxc8
Rxc8 34. Rc1 Qf4 35. Rc2 Qxg4+ 36. Rg3 Qxh4 37. Kg2 Qd8 38. Rg4 Qd5+ 39. f3 Rb8
40. Rc1 g6 41. Rh1 Rxb3 42. Rgh4 Rb2+ 43. Kg3 Qe5+ 44. f4 Be1+ 45. Kh3 Qe2 46.
Qxe2 Rxe2 47. Rg4 Re3+ 48. Kg2 h5 49. Rxh5 d3 50. f5 exf5 51. Rxf5 Bb4 52. Rd5
d2 53. Kf2 Re1 54. Rxd2 Bxd2 55. Rd4 Be3+ 0-1

[Event "Int. Stuttgarter Stadtmeisterschaft C"]
[Site "Ditzingen"]
[Date "2013.05.10"]
[Round "4.5"]
[White "Reichmann, Bernd"]
[Black "Wasielewski, Kim-Luca"]
[Result "0-1"]
[WhiteElo "1137"]
[BlackElo "1420"]
[PlyCount "90"]
[EventDate "2013.??.??"]
[WhiteTeam "SV Fellbach"]
[BlackTeam "Heilbronner SV"]

1. e4 c6 2. Nf3 d5 3. exd5 cxd5 4. d4 Nc6 5. Nc3 Bf5 6. Bb5 a6 7. Bxc6+ bxc6 8.
h3 e6 9. a3 c5 10. Bf4 Nf6 11. Nh4 Bg6 12. Nxg6 hxg6 13. Bg5 Qb6 14. dxc5 Bxc5
15. O-O Qxb2 16. Bxf6 gxf6 17. Na4 Qb5 18. Nxc5 Qxc5 19. Qd3 O-O 20. Rfb1 Rfc8
21. Ra2 e5 22. Rd1 d4 23. a4 Qc4 24. Qxc4 Rxc4 25. f3 Rac8 26. Rd2 R8c5 27. a5
Rb4 28. Rd3 Kf8 29. Kf2 Rcb5 30. Ke2 Rb2 31. Rxb2 Rxb2 32. Kd1 Rb1+ 33. Ke2 Ra1
34. Rb3 Rxa5 35. Rb1 Ra3 36. g4 Re3+ 37. Kf2 Rc3 38. Rb2 a5 39. h4 a4 40. h5
Kg7 41. Ra2 a3 42. Kg3 Kh6 43. hxg6 fxg6 44. Kg2 Kg5 45. Kg3 f5 0-1

[Event "Int. Stuttgarter Stadtmeisterschaft C"]
[Site "Ditzingen"]
[Date "2013.05.10"]
[Round "4.6"]
[White "Bauer, Frank"]
[Black "Albert, Rafael Edwin"]
[Result "1-0"]
[WhiteElo "1304"]
[BlackElo "1182"]
[PlyCount "49"]
[EventDate "2013.??.??"]
[WhiteTeam "SC Feuerbach e. V."]
[BlackTeam "SF 59 Kornwestheim"]

1. d4 d5 2. c4 e6 3. Nf3 Nf6 4. Nc3 c5 5. cxd5 exd5 6. dxc5 Bxc5 7. a3 Nc6 8.
e3 h6 9. Bb5 O-O 10. O-O Bg4 11. Bxc6 bxc6 12. b4 Bb6 13. Bb2 Re8 14. h3 Bh5
15. Rc1 Qd6 16. Ne2 Bxf3 17. gxf3 Nh7 18. f4 Qg6+ 19. Kh2 Rac8 20. Rg1 Qe4 21.
Rxg7+ Kf8 22. Qg1 Rcd8 23. Nd4 Rc8 24. Nxc6 d4 25. Rg8# 1-0

[Event "Int. Stuttgarter Stadtmeisterschaft C"]
[Site "Ditzingen"]
[Date "2013.05.10"]
[Round "4.7"]
[White "Klein, Werner"]
[Black "Fink, Konstantin"]
[Result "0-1"]
[WhiteElo "1043"]
[BlackElo "1289"]
[PlyCount "86"]
[EventDate "2013.??.??"]
[WhiteTeam "SV Stuttgart-Wolfbusch 1956 e.V."]
[BlackTeam "SC Lechhausen"]

1. e4 e5 2. Nf3 Nc6 3. Bc4 Bc5 4. d3 Nf6 5. O-O d6 6. Re1 Bg4 7. Nbd2 Qd7 8. h3
Bh5 9. c3 O-O-O 10. b4 Bb6 11. a4 a6 12. Qb3 h6 13. b5 Na5 14. Qa2 Nxc4 15.
Qxc4 a5 16. d4 exd4 17. cxd4 g5 18. Qc3 g4 19. Nh2 gxh3 20. g3 Bg6 21. Bb2 Rhg8
22. Nc4 Ba7 23. b6 Bb8 24. Nd2 h5 25. e5 Ng4 26. Ne4 Bxe4 27. Rxe4 Nxf2 28. Rf4
Ng4 29. Raf1 Qc6 30. Qxc6 bxc6 31. bxc7 Bxc7 32. Rxf7 dxe5 33. Nxg4 hxg4 34.
dxe5 Rd2 35. Rc1 Rxb2 36. Rxc6 Rb7 37. e6 Re8 38. e7 Kd7 39. Rc1 Rxe7 40. Re1
Bb6+ 41. Kh2 Ke8 42. Rfxe7+ Rxe7 43. Rxe7+ Kxe7 0-1

[Event "Int. Stuttgarter Stadtmeisterschaft C"]
[Site "Ditzingen"]
[Date "2013.05.10"]
[Round "4.8"]
[White "Malheur, Lothar"]
[Black "Stecher, Oliver"]
[Result "1/2-1/2"]
[WhiteElo "1280"]
[BlackElo "1146"]
[PlyCount "50"]
[EventDate "2013.??.??"]
[WhiteTeam "SF Birkenfeld"]
[BlackTeam "SSV Zuffenhausen"]

1. d4 d5 2. c4 c6 3. Nc3 g6 4. e3 Nf6 5. Nf3 Bg7 6. Bd3 Bg4 7. O-O Nfd7 8. cxd5
cxd5 9. Nxd5 e6 10. Nc3 Nc6 11. h3 Bxf3 12. Qxf3 O-O 13. Be4 Rc8 14. Bd2 Nb6
15. b3 f5 16. Bxc6 Rxc6 17. Rac1 e5 18. Qd1 exd4 19. exd4 Bxd4 20. Ne2 Rxc1 21.
Bxc1 Bc5 22. Qc2 Nd7 23. Bh6 Rf7 24. Nf4 Qh4 25. Qe2 Qxh6 1/2-1/2

[Event "Int. Stuttgarter Stadtmeisterschaft C"]
[Site "Ditzingen"]
[Date "2013.05.10"]
[Round "4.9"]
[White "Sax, Leon"]
[Black "Spasovski, Dusan"]
[Result "1-0"]
[WhiteElo "1268"]
[BlackElo "1111"]
[PlyCount "54"]
[EventDate "2013.??.??"]
[WhiteTeam "SC Gross-Sachsenheim"]
[BlackTeam "VfL Sindelfingen"]

1. e4 e6 2. d4 d5 3. e5 c5 4. c3 Nc6 5. Nf3 Qb6 6. a3 f6 7. b4 cxd4 8. cxd4 Be7
9. Bb2 a5 10. b5 Nd8 11. a4 Bb4+ 12. Nbd2 Ne7 13. Bd3 O-O 14. O-O Bd7 15. exf6
Rxf6 16. Ne5 Qd6 17. Rc1 Nf7 18. Ndf3 Ng6 19. Bxg6 hxg6 20. Nxf7 Rxf7 21. Qd3
Qf4 22. Qxg6 Rf6 23. Qh5 Bd6 24. Qg5 Qe4 25. Qe3 Qh7 26. Ne5 Raf8 27. g3 Rf3
1-0

[Event "Int. Stuttgarter Stadtmeisterschaft C"]
[Site "Ditzingen"]
[Date "2013.05.10"]
[Round "4.13"]
[White "Castiglione, David"]
[Black "Stegmiller, Dennis"]
[Result "0-1"]
[WhiteElo "1116"]
[BlackElo "1254"]
[PlyCount "60"]
[EventDate "2013.??.??"]
[WhiteTeam "SC Ingersheim e.V."]
[BlackTeam "TSF Ditzingen"]

1. d4 Nf6 2. c4 g6 3. Bf4 Bg7 4. e3 d6 5. Bd3 O-O 6. Nf3 Nbd7 7. Nc3 c5 8. d5
Nb6 9. b3 Ne8 10. Rc1 Nc7 11. h4 Bg4 12. Qd2 Bxf3 13. gxf3 e6 14. e4 exd5 15.
cxd5 Re8 16. Nb5 Nbxd5 17. Nxc7 Qxc7 18. Bb5 Be5 19. Bxe5 Rxe5 20. Kf1 Nb6 21.
Re1 a6 22. f4 Re7 23. Bd3 Rae8 24. f5 d5 25. fxg6 fxg6 26. f3 Rf8 27. Kf2 Ref7
28. Rh3 Rxf3+ 29. Rxf3 Qh2+ 30. Ke3 d4# 0-1

[Event "Int. Stuttgarter Stadtmeisterschaft C"]
[Site "Ditzingen"]
[Date "2013.05.10"]
[Round "4.14"]
[White "Afonso, Nils"]
[Black "Finkbeiner, Alina"]
[Result "1-0"]
[WhiteElo "993"]
[BlackElo "981"]
[PlyCount "47"]
[EventDate "2013.??.??"]
[WhiteTeam "SF 59 Kornwestheim"]
[BlackTeam "SV Stuttgart-Wolfbusch 1956 e.V."]

1. Nf3 d5 2. g3 Nc6 3. Bg2 Nf6 4. d4 Bg4 5. O-O e6 6. Nc3 Bb4 7. Bd2 Qd7 8. a3
Bd6 9. Nb5 O-O-O 10. Nxd6+ Qxd6 11. Bf4 Qd7 12. b4 Ne4 13. Qd3 Bf5 14. Qb3 b5
15. a4 Nd6 16. Bxd6 Qxd6 17. axb5 Ne7 18. c4 dxc4 19. Qxc4 Kb8 20. Qc5 Qxc5 21.
dxc5 Nd5 22. Ne5 Rc8 23. Nd7+ Ka8 24. b6 1-0

[Event "Int. Stuttgarter Stadtmeisterschaft C"]
[Site "Ditzingen"]
[Date "2013.05.10"]
[Round "4.16"]
[White "Mirosenski, Roman"]
[Black "Zacke, Tamara"]
[Result "0-1"]
[WhiteElo "896"]
[BlackElo "1118"]
[PlyCount "86"]
[EventDate "2013.??.??"]
[WhiteTeam "SF Deizisau"]
[BlackTeam "SV Stuttgart-Wolfbusch 1956 e.V."]

1. d4 d5 2. c4 c6 3. e3 Nf6 4. Nc3 e6 5. Nf3 Nbd7 6. Bd3 dxc4 7. Bxc4 b5 8. Bd3
Bb4 9. Bd2 Ba6 10. a4 Bxc3 11. Bxc3 Qb6 12. a5 Qb7 13. Bb4 Nd5 14. Bd6 b4 15.
e4 Bxd3 16. exd5 Be4 17. dxe6 fxe6 18. Qe2 Nf6 19. Be5 Bxf3 20. Qxf3 O-O 21.
O-O Nd7 22. Qe4 Nxe5 23. Qxe5 Qd7 24. Rad1 Rf5 25. Qg3 Rxa5 26. Qb3 Rb5 27.
Rfe1 Re8 28. Re5 Rxe5 29. dxe5 Qe7 30. Rd6 Qg5 31. h3 Qxe5 32. Rxc6 a5 33. Ra6
Kh8 34. Qa4 Rc8 35. g3 Rc1+ 36. Kh2 h6 37. Qe8+ Kh7 38. Rxe6 Qf5 39. Kg2 Qd5+
40. Re4 Re1 41. f3 Qd2+ 42. Re2 Rxe2+ 43. Kf1 Qd1# 0-1

[Event "Int. Stuttgarter Stadtmeisterschaft C"]
[Site "Ditzingen"]
[Date "2013.05.10"]
[Round "4.17"]
[White "Dallinger, Frank"]
[Black "Fischer, Robert"]
[Result "1-0"]
[WhiteElo "1105"]
[BlackElo "1013"]
[PlyCount "81"]
[EventDate "2013.??.??"]
[WhiteTeam "SV Stuttgart-Wolfbusch 1956 e.V."]
[BlackTeam "TSG Steinheim"]

1. e4 c5 2. Nf3 d6 3. Bc4 Nf6 4. Nc3 Nc6 5. d4 cxd4 6. Nxd4 Ng4 7. O-O Nge5 8.
Bb5 g6 9. Bf4 Bd7 10. Bxe5 Nxe5 11. Nf3 Bg7 12. Nxe5 Bxb5 13. Nxf7 Qb6 14. Nd5
Qc6 15. Nxh8 Bxf1 16. Kxf1 Bxh8 17. c3 Rc8 18. Qf3 Qc4+ 19. Kg1 e6 20. Nf6+
Bxf6 21. Qxf6 Qe2 22. Qxe6+ Kd8 23. Qxd6+ Ke8 24. Rd1 Kf7 25. g3 Qxe4 26. Qd7+
Kf6 27. Qxc8 Qe2 28. Qd8+ Kf5 29. Qd3+ Qxd3 30. Rxd3 Ke4 31. Rd7 b5 32. Rxa7 h5
33. Rb7 Kf3 34. Rxb5 Kg4 35. a4 Kh3 36. Rxh5+ gxh5 37. a5 Kg4 38. a6 Kh3 39. a7
Kg4 40. a8=Q Kh3 41. Qc8# 1-0

[Event "Int. Stuttgarter Stadtmeisterschaft C"]
[Site "Ditzingen"]
[Date "2013.05.10"]
[Round "4.18"]
[White "Leutschaft, Jonathan"]
[Black "Mackeprang, Jelena"]
[Result "1-0"]
[WhiteElo "741"]
[BlackElo "1094"]
[PlyCount "143"]
[EventDate "2013.??.??"]
[WhiteTeam "SF 59 Kornwestheim"]
[BlackTeam "SK Schmiden/Cannstatt"]

1. e4 e5 2. Nf3 Nc6 3. Nc3 Nf6 4. Bc4 Bb4 5. Nd5 Nxd5 6. exd5 Na5 7. Bb3 Nxb3
8. axb3 d6 9. h3 O-O 10. O-O Bf5 11. d3 c6 12. c3 Ba5 13. dxc6 bxc6 14. b4 Bb6
15. Bg5 Qd7 16. h4 f6 17. Bd2 Bxd3 18. Re1 e4 19. Nd4 c5 20. Nb3 cxb4 21. cxb4
Qf5 22. Be3 Bxe3 23. Rxe3 Rfc8 24. Nd4 Qe5 25. Qb3+ d5 26. Ne2 Bc4 27. Qd1 Qxb2
28. Rb1 Qe5 29. f3 Bxe2 30. Rxe2 Qf5 31. fxe4 dxe4 32. Qb3+ Kf8 33. Rf2 Qg4 34.
Rbf1 Qxh4 35. Rf4 Qg5 36. Qe3 Qg6 37. Rxe4 a5 38. bxa5 Rxa5 39. Re1 Raa8 40.
Qd2 Re8 41. Qd6+ Kf7 42. Re7+ Rxe7 43. Qxe7+ Kg8 44. Rd1 Qe8 45. Qc5 Qe6 46.
Qc7 h6 47. Qb7 Re8 48. Qb4 Qe3+ 49. Kh1 Qe4 50. Qb3+ Qe6 51. Qb1 h5 52. Qg6 Qg4
53. Qxe8+ Kh7 54. Rd5 Kh6 55. Qh8+ Kg6 56. Qe8+ Kh6 57. Qe3+ Kh7 58. Qd3+ Kh6
59. Rd8 f5 60. Rh8+ Kg5 61. Rg8 g6 62. Qd2+ Kh4 63. Qf2+ Kg5 64. g3 Qd1+ 65.
Kh2 Qd6 66. Qe3+ Kf6 67. Qc3+ Kg5 68. Qc1+ Kf6 69. Qh6 Ke5 70. Re8+ Kd4 71.
Qd2+ Kc5 72. Rc8+ 1-0

[Event "Int. Stuttgarter Stadtmeisterschaft C"]
[Site "Ditzingen"]
[Date "2013.05.10"]
[Round "4.19"]
[White "Kobald, Pierre"]
[Black "Ungerer, Tobias"]
[Result "1-0"]
[WhiteElo "1075"]
[BlackElo "914"]
[PlyCount "47"]
[EventDate "2013.??.??"]
[WhiteTeam "SV Stuttgart-Wolfbusch 1956 e.V."]
[BlackTeam "Schach-Kids Bernhausen e.V."]

1. e4 e5 2. Nf3 Nc6 3. d4 d6 4. dxe5 dxe5 5. Qxd8+ Nxd8 6. Nxe5 Nf6 7. Nc3 Bb4
8. Bd2 a5 9. O-O-O Bc5 10. f4 a4 11. Nxa4 c6 12. Nxc5 Rxa2 13. Kb1 Ra8 14. Rg1
b6 15. Nb3 Nxe4 16. g4 Nc5 17. Nxc5 bxc5 18. Be3 Ne6 19. f5 Nc7 20. Bxc5 g6 21.
Bg2 Ra6 22. Bxc6+ Bd7 23. Bxd7+ Kd8 24. Nxf7# 1-0

[Event "Int. Stuttgarter Stadtmeisterschaft C"]
[Site "Ditzingen"]
[Date "2013.05.10"]
[Round "4.21"]
[White "Haug, Tim"]
[Black "Günther, Niclas"]
[Result "1-0"]
[WhiteElo "1034"]
[BlackElo "728"]
[PlyCount "83"]
[EventDate "2013.??.??"]
[WhiteTeam "VfL Sindelfingen"]
[BlackTeam "SF Freiberg"]

1. e4 e5 2. Nf3 Nc6 3. d4 d6 4. Nc3 Bg4 5. d5 Nd4 6. Be2 Bxf3 7. Bxf3 Nxf3+ 8.
Qxf3 Qh4 9. Bd2 g6 10. O-O Bh6 11. Bxh6 Qxh6 12. Nb5 Rc8 13. Qg4 Ne7 14. Nxa7
Ra8 15. Nb5 Rc8 16. c4 f5 17. Qf3 c6 18. Nxd6+ Kd7 19. Nf7 Qd2 20. dxc6+ bxc6
21. Rfd1 Qxd1+ 22. Qxd1+ Ke6 23. Nxh8 Rxh8 24. exf5+ Nxf5 25. a4 e4 26. a5 e3
27. fxe3 Ra8 28. b4 g5 29. b5 cxb5 30. Qd5+ Kf6 31. Qxa8 bxc4 32. Qc6+ Ke5 33.
Qxc4 Nxe3 34. Qc7+ Kd4 35. Qxh7 Kc3 36. a6 Kd2 37. a7 g4 38. a8=Q Nc2 39. Qa5+
Ke3 40. Qxc2 Kf4 41. Qaf5+ Ke3 42. Qcd3# 1-0

[Event "Int. Stuttgarter Stadtmeisterschaft C"]
[Site "Ditzingen"]
[Date "2013.05.10"]
[Round "4.22"]
[White "Grimm, Ferdinand"]
[Black "Milarch, Harald"]
[Result "0-1"]
[WhiteElo "842"]
[BlackElo "1326"]
[PlyCount "48"]
[EventDate "2013.??.??"]
[WhiteTeam "SC Gross-Sachsenheim"]
[BlackTeam "SC Schachmatt Botnang"]

1. d4 d5 2. c4 c6 3. Nf3 Nf6 4. Nc3 Bf5 5. Bg5 Nbd7 6. cxd5 Nxd5 7. Nxd5 cxd5
8. e3 Qa5+ 9. Qd2 Qxd2+ 10. Nxd2 Rc8 11. Bb5 a6 12. Bxd7+ Bxd7 13. O-O Rc2 14.
Nf3 Rxb2 15. Rfc1 Bc6 16. Bf4 e6 17. Ne5 Rb6 18. Rab1 Rxb1 19. Rxb1 Bd6 20.
Nxc6 Bxf4 21. Rxb7 Bd6 22. Ra7 O-O 23. Rxa6 Rc8 24. Na7 Rc1# 0-1

[Event "Int. Stuttgarter Stadtmeisterschaft C"]
[Site "Ditzingen"]
[Date "2013.05.10"]
[Round "4.23"]
[White "Aksit, Ali Tayyib"]
[Black "Pillin, Josef"]
[Result "0-1"]
[WhiteElo "742"]
[BlackElo "828"]
[PlyCount "72"]
[EventDate "2013.??.??"]
[WhiteTeam "SF Freiberg"]
[BlackTeam "SSV Zuffenhausen"]

1. d4 e6 2. Nc3 Nf6 3. e3 d5 4. f4 Nc6 5. a3 a6 6. h3 Bd6 7. Nf3 O-O 8. Ne5 Bd7
9. g4 Ne4 10. Nxd7 Qh4+ 11. Ke2 Ng3+ 12. Kd3 Nxh1 13. Nxf8 Nf2+ 14. Ke2 Nxd1
15. Kxd1 Rxf8 16. Bd2 Qf2 17. Be1 Qf3+ 18. Be2 Qxe3 19. f5 exf5 20. gxf5 Bf4
21. Nxd5 Qxd4+ 22. Bd3 Qxd5 23. b4 Be5 24. Rc1 Re8 25. b5 Rd8 26. Kd2 Qg2+ 27.
Kd1 Qf3+ 28. Kd2 axb5 29. Rd1 b4 30. axb4 Nxb4 31. Kc1 Ra8 32. Bxb4 Ra1+ 33.
Kd2 Qf2+ 34. Be2 Qd4+ 35. Ke1 Bg3+ 36. Kf1 Qf2# 0-1

[Event "Int. Stuttgarter Stadtmeisterschaft C"]
[Site "Ditzingen"]
[Date "2013.05.10"]
[Round "4.24"]
[White "Reichardt, Felix  Alexander"]
[Black "Stockburger, Marius"]
[Result "0-1"]
[WhiteElo "690"]
[BlackElo "787"]
[PlyCount "43"]
[EventDate "2013.??.??"]
[WhiteTeam "SF Markgräflerland e."]
[BlackTeam "SF Freiberg"]

1. Nf3 d5 2. c4 c6 3. d4 Nf6 4. e3 Bg4 5. Be2 Bxf3 6. Bxf3 Nbd7 7. Be2 e6 8.
Nc3 Bb4 9. O-O Ne4 10. Nxe4 dxe4 11. a3 Bd6 12. b4 Qh4 13. h3 g5 14. Bb2 Rg8
15. Bg4 Nf6 16. d5 Nxg4 17. dxe6 Bh2+ 18. Kh1 Nxf2+ 19. Rxf2 Qxf2 20. Qb3 g4
21. exf7+ Kxf7 22. c5+ {Hier wurde leider übersehen, dass der schwarze König
im Schach steht. Die Partie wurde wie folgt fortgesetzt:  22. ....  gxh3 23.
g4 Dg2 #} 0-1

[Event "Int. Stuttgarter Stadtmeisterschaft C"]
[Site "Ditzingen"]
[Date "2013.05.11"]
[Round "5.1"]
[White "Thomas, Leonhard"]
[Black "Schwarz, Manuel"]
[Result "1/2-1/2"]
[WhiteElo "1445"]
[BlackElo "1200"]
[PlyCount "33"]
[EventDate "2013.??.??"]
[WhiteTeam "SV Fellbach"]
[BlackTeam "SVG Vaihingen/Enz"]

1. e4 c5 2. Nc3 d6 3. Bb5+ Bd7 4. Bxd7+ Nxd7 5. d3 g6 6. b3 Bg7 7. Bb2 b5 8.
Nge2 Nb6 9. Qb1 b4 10. Na4 Nf6 11. Nxb6 Qxb6 12. O-O O-O 13. h3 a5 14. a4 Rfe8
15. Re1 Rad8 16. Ng3 e5 17. Qc1 1/2-1/2